[Event "IECG Q3.2000.0.00094"]
[Site "IECG email"]
[Date "2000.11.27"]
[Round "?"]
[White "Szokol, Imre"]
[Black "Lott, Chris"]
[Result "1-0"]
[WhiteElo "918"]
[BlackElo "1004"]
[PlyCount "29"]
[EventDate "2000.11.27"]
[EventType "tourn (corr)"]
[EventRounds "6"]
[SourceTitle "Corr 2008"]
[Source "ChessBase"]
[SourceDate "2008.06.24"]
[SourceVersion "1"]
[SourceVersionDate "2008.06.24"]
[SourceQuality "1"]

1. e4 e5 2. Nf3 Nc6 3. Bb5 a6 4. Bxc6 dxc6 5. 0-0 Bd6 6. d4 exd4 7. Qxd4 f6 8. Nc3 Be6 9. Re1 Ne7 10. e5 fxe5 11. Nxe5 0-0 12. Qh4 Bxe5 13. Rxe5 Qd6 14. Re1 Nf5 15. Qe4 1-0